书目信息 |
| 题名: |
现代经济学大典
|
|
| 作者: | 洪银兴 总主编 ;邱东 主编 | |
| 分册: | 经济统计学分册 | |
| 出版信息: | 北京 经济科学出版社 2016 |
|
| 页数: | 279页 | |
| 开本: | 25cm | |
| 丛书名: | ||
| 单 册: | ||
| 中图分类: | F0-61 , F222-61 | |
| 科图分类: | ||
| 主题词: | 经济学--jing ji xue--名词术语 , 经济统计学--jing ji tong ji xue--名词术语 | |
| 电子资源: | ||
| ISBN: | 978-7-5141-7110-5 | |
| 000 | 01068nam0 22002891 450 | |
| 001 | 1730327684 | |
| 005 | 20170527085530.57 | |
| 010 | @a978-7-5141-7110-5@dCNY99.00 | |
| 100 | @a20161027d2016 em y0chiy50 ea | |
| 101 | 0 | @achi@eeng |
| 102 | @aCN@b110000 | |
| 105 | @ay z 000yy | |
| 106 | @ar | |
| 200 | 1 | @a现代经济学大典@Axian dai jing ji xue da dian@i经济统计学分册@f洪银兴总主编@g邱东主编 |
| 210 | @a北京@c经济科学出版社@d2016 | |
| 215 | @a279页@d25cm | |
| 300 | @a国家出版基金项目 | |
| 304 | @a英文共同题名:A dictionary of modern economics | |
| 330 | @a本书涉及理论经济学和应用经济学两个一级学科门类的14个学科或领域,本册为经济统计学分册,主要内容包括::统计学、经济统计学、统计学的产生与发展、统计指标、统计分组等。 | |
| 606 | 0 | @a经济学@Ajing ji xue@x名词术语 |
| 606 | 0 | @a经济统计学@Ajing ji tong ji xue@x名词术语 |
| 690 | @aF0-61@v5 | |
| 690 | @aF222-61@v5 | |
| 701 | 0 | @a洪银兴@Ahong yin xing@f(1950~)@4总主编 |
| 702 | 0 | @a邱东@Aqiu dong@f(1957~)@4主编 |
| 801 | 0 | @aCN@bTANG WEI@c20170523 |
| 905 | @b0969528-32@dF0-61@e508:1@f5 | |
| 现代经济学大典.经济统计学分册/洪银兴总主编/邱东主编 .-北京:经济科学出版社,2016 |
| 279页;25cm |
| 国家出版基金项目 |
| ISBN 978-7-5141-7110-5:CNY99.00 |
| 本书涉及理论经济学和应用经济学两个一级学科门类的14个学科或领域,本册为经济统计学分册,主要内容包括::统计学、经济统计学、统计学的产生与发展、统计指标、统计分组等。 |
| ● |
| 相关链接 |
|
|
|
|
正题名:现代经济学大典
索取号:F0-61/508:1
 
预约/预借
| 序号 | 登录号 | 条形码 | 馆藏地/架位号 | 状态 | 备注 |
| 1 | 0969528 | 209695285 | 第一样本阅览室/ [索取号:F0-61/508:1] | 在馆 | |
| 2 | 0969529 | 209695294 | 第一借阅区/ [索取号:F0-61/508:1] | 在馆 | |
| 3 | 0969530 | 209695301 | 第一借阅区/ [索取号:F0-61/508:1] | 在馆 | |
| 4 | 0969531 | 209695310 | 第一借阅区/ [索取号:F0-61/508:1] | 在馆 | |
| 5 | 0969532 | 209695329 | 密集书库-海洋学院/ [索取号:F0-61/508:1] | 在馆 |